[Event "SVK-chT4 A22 1819"]
[Site "Slovakia"]
[Date "2019.03.17"]
[Round "11.4"]
[White "Fajnor, Dusan"]
[Black "Mezei, Tibor"]
[Result "0-1"]
[WhiteElo "1641"]
[BlackElo "1711"]
[PlyCount "60"]
[EventDate "2018.10.14"]
[EventType "team-tourn"]
[EventRounds "11"]
[EventCountry "SVK"]
[SourceTitle "EXT 2020"]
[Source "ChessBase"]
[SourceDate "2019.10.17"]
[SourceVersion "1"]
[SourceVersionDate "2019.10.17"]
[SourceQuality "1"]

1. d4 d5 2. c4 e6 3. Nc3 Nf6 4. Bg5 Nbd7 5. Nf3 Be7 6. e3 c6 7. Bd3 h6 8. Bf4 Nh5 9. Bg3 Nxg3 10. hxg3 Nf6 11. Rb1 dxc4 12. Bxc4 b5 13. Bd3 b4 14. Na4 Qa5 15. b3 Nd5 16. Qc2 Bd7 17. Ne5 Rc8 18. 0-0 c5 19. Nxc5 Bxc5 20. dxc5 Rxc5 21. Nc4 Qc7 22. Qb2 0-0 23. a4 Rd8 24. Rbc1 Nc3 25. Rxc3 bxc3 26. Qxc3 Bc6 27. Be2 Bd5 28. Rd1 Bxc4 29. Rxd8+ Qxd8 30. Bxc4 Qd1+ 0-1

[Event "SVK-chT4 A22 1718"]
[Site "Slovakia"]
[Date "2017.12.10"]
[Round "6.1"]
[White "Meszaros, Nikolas"]
[Black "Mezei, Tibor"]
[Result "1-0"]
[WhiteElo "1755"]
[BlackElo "1731"]
[PlyCount "93"]
[EventDate "2017.10.01"]
[EventType "team-tourn"]
[EventRounds "11"]
[EventCountry "SVK"]
[SourceTitle "EXT 2020"]
[Source "ChessBase"]
[SourceDate "2019.10.17"]
[SourceVersion "1"]
[SourceVersionDate "2019.10.17"]
[SourceQuality "1"]

1. d4 e6 2. c4 d5 3. Nf3 Nf6 4. Bg5 Be7 5. Nc3 c6 6. e3 dxc4 7. Bxc4 Nbd7 8. 0-0 Nd5 9. Bxe7 Qxe7 10. Nxd5 exd5 11. Bd3 Nf6 12. Ne5 0-0 13. Qc2 g6 14. f3 Nd7 15. Qc3 c5 16. Rfe1 c4 17. Bc2 Nb6 18. e4 f6 19. Ng4 Bxg4 20. exd5 Qd6 21. fxg4 Qxd5 22. Be4 Qb5 23. Rac1 Rac8 24. b3 Rc7 25. bxc4 Rxc4 26. Bd3 Rfc8 27. Bxc4+ Rxc4 28. Qb3 Qd5 29. Rxc4 Nxc4 30. Rd1 b5 31. Kh1 a5 32. Qf3 Qg5 33. h3 b4 34. Qb3 Qd5 35. Rc1 Nb6 36. Rc5 Qxb3 37. axb3 a4 38. bxa4 Nxa4 39. Rc4 Nc3 40. Rxb4 h6 41. Kg1 Kf7 42. Kf2 Ke6 43. Rc4 Nd5 44. Kf3 f5 45. gxf5+ Kxf5 46. Rc5 Ke6 47. Rc6+ 1-0

[Event "SVK-chT4 A22 1617"]
[Site "Slovakia"]
[Date "2017.02.26"]
[Round "10.5"]
[White "Suchan, Jozef"]
[Black "Mezei, Tibor"]
[Result "1-0"]
[WhiteElo "1741"]
[BlackElo "1717"]
[PlyCount "63"]
[EventDate "2016.10.09"]
[EventType "team-tourn"]
[EventRounds "11"]
[EventCountry "SVK"]
[SourceTitle "EXT 2020"]
[Source "ChessBase"]
[SourceDate "2019.10.17"]
[SourceVersion "1"]
[SourceVersionDate "2019.10.17"]
[SourceQuality "1"]

1. d4 d5 2. c4 e6 3. Nf3 Nf6 4. e3 c6 5. a3 Ne4 6. Qc2 Qa5+ 7. Nc3 Bb4 8. Bd2 0-0 9. Bd3 Bxc3 10. Bxc3 Nxc3 11. Bxh7+ Kh8 12. bxc3 g6 13. Bxg6 fxg6 14. 0-0 Rxf3 15. gxf3 Kg7 16. c5 e5 17. Kh1 Qd8 18. Rg1 Qf6 19. Rg3 Nd7 20. Rag1 Nf8 21. e4 Be6 22. Qd3 Rd8 23. dxe5 Qf7 24. Qe3 dxe4 25. fxe4 Qd7 26. Qg5 Bf7 27. Qf6+ Kg8 28. Rg4 Re8 29. Rh4 Nh7 30. Rxg6+ Bxg6 31. Qxg6+ Kf8 32. Rf4+ 1-0

[Event "SVK-chT4 A22 1314"]
[Site "Slovakia"]
[Date "2014.01.12"]
[Round "6.1"]
[White "Mezei, Tibor"]
[Black "Mackovic, Matus"]
[Result "0-1"]
[WhiteElo "1768"]
[BlackElo "1913"]
[PlyCount "60"]
[EventDate "2013.10.06"]
[EventType "team-tourn"]
[EventRounds "11"]
[EventCountry "SVK"]
[SourceTitle "EXT 2015"]
[Source "ChessBase"]
[SourceDate "2014.11.20"]
[SourceVersion "1"]
[SourceVersionDate "2014.11.20"]
[SourceQuality "1"]
[WhiteTeam "Potonska Veza II"]
[BlackTeam "Trnava Modranka II"]
[WhiteTeamCountry "SVK"]
[BlackTeamCountry "SVK"]

1. e4 c6 2. d4 d5 3. e5 Bf5 4. Bd3 Bxd3 5. Qxd3 Qa5+ 6. Nc3 Qa6 7. Qg3 e6 8. Nge2 Ne7 9. Nd1 Nf5 10. Qf3 Qb6 11. c3 c5 12. Ne3 Ne7 13. 0-0 cxd4 14. cxd4 Nec6 15. Rd1 Be7 16. Ng4 Nd7 17. Be3 h5 18. Qh3 0-0-0 19. Nh6 gxh6 20. Qxh5 Rh7 21. Ng3 Rg8 22. Qe2 Kb8 23. a3 Na5 24. Qc2 Rhh8 25. Ne2 Qb3 26. Qb1 Nc4 27. Ra2 Nxe3 28. Rd3 Qc2 29. Qxc2 Nxc2 30. b4 Ne1 0-1

[Event "SVK-chT4 A22 1213"]
[Site "Slovakia"]
[Date "2013.02.03"]
[Round "8.3"]
[White "Kosar, Mikulas1111"]
[Black "Mezei, Tibor"]
[Result "0-1"]
[WhiteElo "1738"]
[BlackElo "1811"]
[PlyCount "73"]
[EventDate "2012.10.14"]
[EventType "team-tourn"]
[EventRounds "11"]
[EventCountry "SVK"]
[SourceTitle "EXT 2015"]
[Source "ChessBase"]
[SourceDate "2014.11.20"]
[SourceVersion "1"]
[SourceVersionDate "2014.11.20"]
[SourceQuality "1"]
[WhiteTeam "Gabcikovo Russel II"]
[BlackTeam "Potonska Veza II"]
[WhiteTeamCountry "SVK"]
[BlackTeamCountry "SVK"]

1. e4 e6 2. d4 d5 3. e5 c5 4. Bb5+ Bd7 5. Bxd7+ Nxd7 6. c3 Qb6 7. Nf3 Ne7 8. 0-0 Nf5 9. Re1 cxd4 10. cxd4 Rc8 11. g4 Ne7 12. Nc3 Ng6 13. a3 Be7 14. Qd3 0-0 15. Qb5 Qxb5 16. Nxb5 a6 17. Nc3 Nb6 18. Ne2 Rc2 19. Kf1 f6 20. exf6 Rxf6 21. Neg1 h6 22. Re2 Rc8 23. g5 hxg5 24. Bxg5 Rf7 25. Rxe6 Bxg5 26. Rxg6 Bf6 27. Re1 Rc2 28. Re2 Rc1+ 29. Kg2 Nc4 30. Nh3 Nd6 31. Nhg5 Rf8 32. Re6 Nf5 33. Ne5 Bxe5 34. dxe5 Nh4+ 35. Kg3 Nxg6 36. Rxg6 Rg1+ 37. Kh3 0-1

[Event "SVK-chT3A2 1213"]
[Site "Slovakia"]
[Date "2013.01.13"]
[Round "6.5"]
[White "Mezei, Tibor"]
[Black "Havlicek, Peter"]
[Result "0-1"]
[WhiteElo "1811"]
[BlackElo "1843"]
[PlyCount "98"]
[EventDate "2012.10.07"]
[EventType "team-tourn"]
[EventRounds "11"]
[EventCountry "SVK"]
[SourceTitle "EXT 2015"]
[Source "ChessBase"]
[SourceDate "2014.11.20"]
[SourceVersion "1"]
[SourceVersionDate "2014.11.20"]
[SourceQuality "1"]
[WhiteTeam "Potonska Veza"]
[BlackTeam "Senica SK"]
[WhiteTeamCountry "SVK"]
[BlackTeamCountry "SVK"]

1. e4 c5 2. Nf3 e6 3. d4 cxd4 4. Nxd4 d6 5. c3 a6 6. Be3 Nf6 7. f3 Be7 8. Bd3 Nc6 9. Ne2 Qc7 10. Nd2 0-0 11. Qc2 Ne5 12. f4 Nxd3+ 13. Qxd3 Ng4 14. h3 Nxe3 15. Qxe3 b5 16. Nf3 Bb7 17. 0-0 Rad8 18. Kh1 Qc4 19. Nd2 Qc5 20. Qg3 Qh5 21. Nd4 Bh4 22. Qd3 e5 23. Nf5 Bf6 24. g4 Qg6 25. g5 Qxf5 26. gxf6 Qxf6 27. f5 d5 28. Qe3 dxe4 29. Nxe4 Qh4 30. Rae1 Bxe4+ 31. Qxe4 Qxh3+ 32. Kg1 Rd2 33. Re2 Qg3+ 34. Kh1 Rxe2 35. Qxe2 f6 36. Rf2 Rd8 37. Rf3 Qg5 38. Qe4 Rd1+ 39. Kh2 Qg1+ 40. Kh3 Qh1+ 41. Kg3 Qg1+ 42. Kh3 h5 43. Rg3 Qf2 44. c4 Rd4 45. Qa8+ Kh7 46. cxb5 Qxf5+ 47. Kh2 Rd2+ 48. Rg2 Qf4+ 49. Kh3 Rd3+ 0-1

[Event "SVK-chT4 A22 1213"]
[Site "Slovakia"]
[Date "2012.11.25"]
[Round "4.3"]
[White "Brestovansky, Anton"]
[Black "Mezei, Tibor"]
[Result "0-1"]
[WhiteElo "1708"]
[BlackElo "1811"]
[PlyCount "24"]
[EventDate "2012.10.14"]
[EventType "team-tourn"]
[EventRounds "11"]
[EventCountry "SVK"]
[SourceTitle "EXT 2015"]
[Source "ChessBase"]
[SourceDate "2014.11.20"]
[SourceVersion "1"]
[SourceVersionDate "2014.11.20"]
[SourceQuality "1"]
[WhiteTeam "Dolna Krupa SK"]
[BlackTeam "Potonska Veza II"]
[WhiteTeamCountry "SVK"]
[BlackTeamCountry "SVK"]

1. d4 d5 2. c4 e6 3. Nc3 Nf6 4. Bg5 Nbd7 5. e3 Be7 6. Nf3 c6 7. Qc2 Qa5 8. a3 dxc4 9. Bxf6 Nxf6 10. Bxc4 b5 11. Ba2 b4 12. 0-0 bxc3 0-1

[Event "SVK-chT3A2 0809"]
[Site "Slovakia"]
[Date "2009.01.11"]
[Round "5.8"]
[White "Mezei, Tibor"]
[Black "Kosar, Mikulas1111"]
[Result "1-0"]
[WhiteElo "1640"]
[BlackElo "1862"]
[PlyCount "65"]
[EventDate "2008.10.19"]
[EventType "team-tourn"]
[EventRounds "11"]
[EventCountry "SVK"]
[SourceTitle "EXT 2010"]
[Source "ChessBase"]
[SourceDate "2010.11.25"]
[SourceVersion "1"]
[SourceVersionDate "2010.11.25"]
[SourceQuality "1"]
[WhiteTeam "Dunajska Streda SK III"]
[BlackTeam "Gabcikovo"]
[WhiteTeamCountry "SVK"]
[BlackTeamCountry "SVK"]

1. d4 d5 2. c4 Nf6 3. Nf3 c6 4. cxd5 cxd5 5. Nc3 Bf5 6. e3 h6 7. Qb3 Bc8 8. Bd3 e6 9. Bd2 Be7 10. h3 0-0 11. Rc1 Nbd7 12. Nb5 a6 13. Nc3 Qb6 14. Qc2 Bd6 15. e4 dxe4 16. Bxe4 Nxe4 17. Nxe4 Be7 18. 0-0 Nf6 19. Nxf6+ Bxf6 20. Be3 Qd6 21. Rfd1 Bd7 22. d5 Rfc8 23. Qb3 b5 24. Rxc8+ Rxc8 25. dxe6 Qxe6 26. Qd3 Rd8 27. Qa3 Rc8 28. Rd6 Bxb2 29. Qd3 Rc3 30. Qd1 Qxa2 31. Rxd7 Qc4 32. Rd8+ Kh7 33. Qb1+ 1-0

[Event "SVK-chT3A2 0809"]
[Site "Slovakia"]
[Date "2008.12.14"]
[Round "4.8"]
[White "Mezei, Tibor"]
[Black "Pivacek, Jozef"]
[Result "1-0"]
[WhiteElo "1640"]
[BlackElo "1350"]
[PlyCount "55"]
[EventDate "2008.10.19"]
[EventType "team-tourn"]
[EventRounds "11"]
[EventCountry "SVK"]
[SourceTitle "EXT 2010"]
[Source "ChessBase"]
[SourceDate "2010.11.25"]
[SourceVersion "1"]
[SourceVersionDate "2010.11.25"]
[SourceQuality "1"]
[WhiteTeam "Dunajska Streda SK III"]
[BlackTeam "Holic"]
[WhiteTeamCountry "SVK"]
[BlackTeamCountry "SVK"]

1. d4 d5 2. c4 e6 3. Nf3 Nf6 4. Bf4 Be7 5. Nc3 0-0 6. e3 a6 7. a3 dxc4 8. Bxc4 b5 9. Bd3 Bb7 10. Qc2 h6 11. b4 c6 12. h3 a5 13. Ne4 axb4 14. Nxf6+ Bxf6 15. Ke2 bxa3 16. g4 g5 17. Be5 Nd7 18. h4 gxh4 19. Bd6 Be7 20. Bxe7 Qxe7 21. Rxh4 c5 22. Rxh6 c4 23. Be4 Bxe4 24. Qxe4 f5 25. gxf5 Nf6 26. Rg1+ Kf7 27. fxe6+ Qxe6 28. Ng5+ 1-0

[Event "SVK-chT3A2 0809"]
[Site "Slovakia"]
[Date "2008.11.30"]
[Round "3.8"]
[White "Mezei, Tibor"]
[Black "Papanek, Lubomir"]
[Result "1-0"]
[WhiteElo "1640"]
[BlackElo "1677"]
[PlyCount "79"]
[EventDate "2008.10.19"]
[EventType "team-tourn"]
[EventRounds "11"]
[EventCountry "SVK"]
[SourceTitle "EXT 2010"]
[Source "ChessBase"]
[SourceDate "2010.11.25"]
[SourceVersion "1"]
[SourceVersionDate "2010.11.25"]
[SourceQuality "1"]
[WhiteTeam "Dunajska Streda SK III"]
[BlackTeam "Gbely Nafta"]
[WhiteTeamCountry "SVK"]
[BlackTeamCountry "SVK"]

1. e4 c5 2. Nf3 d6 3. Bc4 e6 4. Nc3 a6 5. a4 Nc6 6. d4 cxd4 7. Nxd4 Nf6 8. Be3 Be7 9. Nb3 0-0 10. Qf3 Ne5 11. Qe2 Qc7 12. Bd3 Bd7 13. f4 Nxd3+ 14. cxd3 b5 15. a5 Rac8 16. 0-0 Bc6 17. Rfc1 Qb8 18. h3 b4 19. Na4 Bxa4 20. Rxc8 Rxc8 21. Rxa4 Qb5 22. Ra1 e5 23. Bb6 Nd7 24. Be3 f6 25. Qg4 Rc2 26. Rc1 Rxc1+ 27. Bxc1 Nf8 28. Qe2 g6 29. f5 d5 30. Bh6 d4 31. Qc2 Kf7 32. Bxf8 Bxf8 33. Kf2 Bd6 34. Ke2 gxf5 35. exf5 e4 36. Nxd4 Qe5 37. Qc4+ Kg7 38. Ne6+ Kh6 39. Qxe4 Qxb2+ 40. Kf3 1-0